| 000 | 00835nam a2200205 a 4500 | ||
|---|---|---|---|
| 001 | 000011551 | ||
| 005 | 20200929162504.0 | ||
| 008 | 091020s1953 ag ad 001 0bspa | ||
| 040 |
_aDO-SdBNP _bspa _cBNPHU |
||
| 082 |
_a927.43 _bL345F |
||
| 100 | 1 |
_aFernández Coria, Valentín _927333 |
|
| 245 | 1 | 4 |
_aLas grandes partidas de Emanuel Lasker / _cValentín Fernández Coria, Luis Palau. |
| 260 |
_aBuenos Aires : _bSopena Argentina, _c1953. |
||
| 300 |
_a150, [1] p. : _bil., tablas ; _c24 cm. |
||
| 500 | _aOchenta y cuatro producciones escogidas de entre las mas notables del maestro alemán, uno de los más extraordinarios ajedrecistas de todos los tiempos y campeón del mundo de 1894 a 1921. | ||
| 650 | 4 |
_aLaske, emanuel _y1868-1941 _927334 |
|
| 700 | 1 |
_aPalau, Luis _927335 |
|
| 910 | _aCatalogación Original | ||
| 049 | _aBNGR | ||
| 999 |
_c11246 _d11246 |
||